000 00870nam a2200217 4500
005 20220505064053.0
008 220504s2019 enk |||gr|||| 00| 0 eng d
020 _a9781107619074
040 _aCO-BoUCM
_bspa
_cDeissy Garcia
_dDeissy Garcia
041 0 _aeng
100 1 _9174540
_aBonan, Gordon B.
245 1 0 _aClimate change and terrestrial ecosystem modeling
_cGordon B. Bonan
260 _aCambridge
_bCambridge University Press
_c2019
300 _axix, 437 páginas
500 _aBibliografía Básica - Facultad de Ciencias Naturales - Pregrado en Ciencias del Sistema Tierra
504 _aIncluye referencias bibliográficas e índices
650 7 _911414
_aComunidades bióticas
_xModelos matemáticos
650 7 _aEcología
_xModelos matemáticos
_9100890
942 _2DEWEY
_cLIBRO
_a25
_e1
_h577.82
_mB697c
_n0
999 _c321081
_d321081